000 00688nam a2200253Ia 4500
003 OSt
005 20221006142620.0
006 a|||||r|||| 00| 0
007 ta
008 221006b |||||||| |||| 00| 0 eng d
020 _c567.22
024 _a6,761
037 _cTextual
040 _aEASL
_cEASL
_beng
041 _2eng
_aeng
082 _aY15.41.N92, N3
100 _aBarlow Tani E. Ed.
_9143181
245 0 _aGender politics in modern China
_b Writing and feminism
260 _aLondon
_bDuke University Press
_c1993
300 _a307p.
_ccm.
490 _v CEL
942 _hY15.41.N92, N3
_cTEXL
_2CC
999 _c1074847
_d1074847